Statystyki dla Kwadraty liczb

Kliknij tutaj aby rozwiązać quiz!

Ogólne statystyki

  • Ten quiz został rozwiązany 143 razy
  • Średni wynik to 14 z 15

Statystyki odpowiedzi

Number to
square
Number
squared
% Poprawnych
11
100%
24
100%
416
99%
10100
98%
525
98%
636
98%
749
98%
864
98%
981
98%
39
98%
11121
95%
12144
95%
13169
92%
15225
89%
14196
86%

Rozkład punktacji

Percentyl według liczby udzielonych odpowiedzi

Procent ludzi z każdym wynikiem

Twoja historia wyników

Nie rozwiązałeś tego quizu